Tilastot visalle Afrikan suurjärvet

Klikkaa tästä pelataksesi tätä visaa!

Yleistilastot

  • Tätä visaa on pelattu 10 kertaa
  • Keskiarvotulos 3 / 9

Vastaukset kartalla

Vastauksille on annettu kartalla punavihreä väri sen mukaan, kuinka moni on saanut sen oikein.
 

Vastaustilastot

km 2Järvi% Oikein
68,800Victorianjärvi
100%
29,600Malawijärvi
88%
32,900Tanganjikajärvi
50%
5,300Albertjävri
25%
2,700Kivujärvi
25%
6,405Turkanajärvi
25%
2,325Edwardjärvi
13%
5,120Mwerujärvi
0%
5,760Rukwajärvi
0%

Tulosjakauma

Persentiili vastausten määrän mukaan

Jokaisen tuloksen saaneiden osuus

Tuloshistoriasi

Et ole pelannut tätä visaa